Co-synthesis of hardware and software for digital embedded systems / (رقم التسجيلة. 31391)

تفاصيل مارك
000 -الفاتح
حقل البيانات ثابتة الطول 01144cam a2200253 a 4500
001 - رقم الضبط
رقم الضبط 32746087
003 - محدد رقم الضبط
رقم الضبط OSt
005 - وقت وتاريخ اخر تعامل مع التسجيلة
رقم الضبط 20150408114143.0
008 - عناصر البيانات ثابتة الطول - معلومات عامة
حقل البيانات ثابتة الطول 950612s1995 maua b 001 0 eng
020 ## - الرقم الدولى المعيارى للكتب
الرقم الدولى المعيارى للكتاب 9788184890891
040 ## - مصدر الفهرسة
وكالة الفهرسة الأصلية Ma-Un
050 00 - رقم طلب مكتبة الكونجرس
رقم التصنيف TK7895.E42
رقم المادة G86 1995
082 00 - رقم تصنيف ديوى العشرى
رقم التصنيف 629.89
100 1# - المدخل الرئيسى - إسم شخصى
الإسم الشخصى Gupta, Rajesh Kumar,
التواريخ المصاحبة للاسم 1961-
9 (RLIN) 38168
245 10 - بيان العنوان
العنوان Co-synthesis of hardware and software for digital embedded systems /
بيان المسئوليه,etc by Rajesh Kumar Gupta ; [foreword by Giovanni De Micheli]
260 ## - PUBLICATION, DISTRIBUTION, ETC. (IMPRINT)
مكان الناشر او الموزع Boston :
اسم الناشر او الموزع Kluwer Academic Publishers,
تاريخ النشر أو التوزيع c1995.
300 ## - الوصف المادى
التعداد 266 p. :
تفاصيل ماديه اخرى للوعاء ill. ;
أبعاد الوعاء 25 cm.
490 1# - بيان السلسلة
عنوان السلسلة The Kluwer international series in engineering and computer science ;
رقم المجلد/ التعيين التسلسلي SECS 329.
عنوان السلسلة VLSI, computer architecture and digital signal processing.
504 ## - تبصرة ببليوجرافية
تبصرة ببليوجرافية,الخ Includes bibliographical references (p. [239]-250) and index.
650 #0 - المدخل الاضافى بالموضوع-مصطلح موضوعى
مصطلح موضوعي أو اسم جغرافي كعنصر مدخل Embedded computer systems.
9 (RLIN) 4771
830 #0 - المدخل الاضافى بالسلسلة -عنوان موحد
عنوان موحد Kluwer international series in engineering and computer science ;
رقم المجلد/ التعيين التسلسلي SECS 329.
9 (RLIN) 38169
830 #0 - المدخل الاضافى بالسلسلة -عنوان موحد
عنوان موحد Kluwer international series in engineering and computer science.
اسم جزء/قسم العمل VLSI, computer architecture, and digital signal processing.
9 (RLIN) 38170
942 ## - عناصر المدخل الإضافي( كوها)
مصدر التصنيف او مخطط الترفيف Dewey Decimal Classification
Koha [default] item type كتاب
المقتنيات
حالة الفقد نموذج السعر الفعال حالة تلف ليس للاعارة رقم الطلب رقم النسخة تاريخ الاكتساب الموقع الحالي الباركود الفرع الرئيسي Date last seen نوع المادة فى نظام كوها مصدر التصنيف او خطة الترفيف Total Checkouts
  2013-10-26     629.89 GRC n1 2013-10-26 المكتبة المركزية بالمجمعة (CL) 00451844 المكتبة المركزية بالمجمعة (CL) 2013-10-26 كتاب Dewey Decimal Classification  
  2013-10-26     629.89 GRC n2 2013-10-26 المكتبة المركزية بالمجمعة (CL) 00451842 المكتبة المركزية بالمجمعة (CL) 2013-10-26 كتاب Dewey Decimal Classification  
  2013-10-26   Not For Loan 629.89 GRC n3 2013-10-26 المكتبة المركزية بالمجمعة (CL) 00451840 المكتبة المركزية بالمجمعة (CL) 2013-10-26 كتاب Dewey Decimal Classification  
  2013-10-26     629.89 GRC n1 2013-10-26 مكتبة مجمع الكليات بالزلفى - طلاب (SZM) 00451843 مكتبة مجمع الكليات بالزلفى - طلاب (SZM) 2013-10-26 كتاب Dewey Decimal Classification  
  2013-10-26     629.89 GRC n2 2013-10-26 مكتبة مجمع الكليات بالزلفى - طلاب (SZM) 00451841 مكتبة مجمع الكليات بالزلفى - طلاب (SZM) 2013-10-26 كتاب Dewey Decimal Classification  
  2013-10-26   Not For Loan 629.89 GRC n3 2013-10-26 مكتبة مجمع الكليات بالزلفى - طلاب (SZM) 00451845 مكتبة مجمع الكليات بالزلفى - طلاب (SZM) 2013-10-26 كتاب Dewey Decimal Classification